000 00929nac a22002777a 4500
001 BR8404168
003 BR-BrBNA
005 20240105120132.0
008 230509b bl.|||m| |||| 00| 0 por d
040 _aBR-BrBNA
_bpor
_cBiblioteca Nacional de Agricultura
072 _aN20
090 _a0150 BR8404168
110 1 _aEmpresa Brasileira de Assistencia Tecnica e Extensao Rural, Brasilia, DF (Brasil)
245 1 _aEquipamento; batedor, ensacador e transportador rustico de arroz e feijao
260 3 _aBrasilia, DF (Brasil):
_c1983.
300 _a2 p.
490 _aFichario de Tecnologias Adaptadas - Empresa Brasileira de Assistencia Tecnica e Extensao Rural (Brazil)
_vv. 20(471)
_x
650 _aARROZ
650 _aFEIJAO
650 _aTRANSPORTE
650 _aBATEDOR
650 _aENSACADOR
650 _aTECNOLOGIA APROPRIADA
909 _a202312
_bLúcia Elande
_c55
_dLúcia Elande
942 _2AGRIS
_n0
_cMS
999 _c278083
_d278083